| 000 | 00527cam a2200157 a 4500 | ||
|---|---|---|---|
| 001 | 000006514 | ||
| 005 | 20200929153938.0 | ||
| 008 | 850703s1983 ve 000 0 spa | ||
| 040 |
_aDO-SdBNP _bspa _cBNPHU |
||
| 082 |
_axxxx _bxxxx |
||
| 100 | 1 |
_aHerrera Campins, Luis _918065 |
|
| 245 | 1 | 3 |
_aEl 5 de julio en el Salón Elíptico : _baños 1979-1983 / _cLuis Herrera Campins. |
| 246 | 1 | 0 | _aEl cinco de julio en el Salon Elíptico. |
| 260 |
_aCaracas, Venezuela : _bPresidencia de la República, _c1983. |
||
| 300 |
_a83 p. ; _c18 cm. |
||
| 999 |
_c6305 _d6305 |
||